[Event "FRA-chT Top 12 (Women) GpA"]
[Site "Mulhouse"]
[Date "2016.05.07"]
[Round "3.2"]
[White "Maisuradze, Nino"]
[Black "Marchais, Aurelie"]
[Result "1-0"]
[WhiteElo "2239"]
[BlackElo "1782"]
[PlyCount "71"]
[EventDate "2016.05.05"]
[EventType "team-tourn"]
[EventRounds "5"]
[EventCountry "FRA"]
[SourceTitle "CBM 172 Extra"]
[Source "ChessBase"]
[SourceDate "2016.06.21"]
[SourceVersion "1"]
[SourceVersionDate "2016.06.21"]
[SourceQuality "1"]
[WhiteTeam "Bischwiller (W)"]
[BlackTeam "Poitiers Migne (W)"]
[WhiteTeamCountry "FRA"]
[BlackTeamCountry "FRA"]

1. d4 d5 2. c4 c6 3. Nf3 Bf5 4. cxd5 cxd5 5. Qb3 b6 6. Nc3 e6 7. Ne5 Bd6 8. Qa4+ Nd7 9. e4 Bxe5 10. dxe5 dxe4 11. Bb5 a6 12. Bc6 Rc8 13. Be3 Qc7 14. Bxd7+ Qxd7 15. Qxa6 Ne7 16. Rd1 Nd5 17. 0-0 0-0 18. Nxd5 exd5 19. Qxb6 Rb8 20. Qd4 Be6 21. b3 Qc7 22. h3 Qa5 23. Qd2 Qa3 24. Rc1 Rfc8 25. Bd4 Ra8 26. Ra1 Rc6 27. Bb2 Qa6 28. Rfc1 Rac8 29. Rxc6 Rxc6 30. a4 Qc8 31. b4 Rc2 32. Qd4 Qc4 33. a5 Qxd4 34. Bxd4 Bd7 35. a6 Bc6 36. b5 1-0

[Event "FRA-chT Top 12 (Women) GpA"]
[Site "Mulhouse"]
[Date "2016.05.07"]
[Round "4.2"]
[White "Marchais, Aurelie"]
[Black "Rapport, Jovana"]
[Result "0-1"]
[WhiteElo "1782"]
[BlackElo "2344"]
[PlyCount "54"]
[EventDate "2016.05.05"]
[EventType "team-tourn"]
[EventRounds "5"]
[EventCountry "FRA"]
[SourceTitle "CBM 172 Extra"]
[Source "ChessBase"]
[SourceDate "2016.06.21"]
[SourceVersion "1"]
[SourceVersionDate "2016.06.21"]
[SourceQuality "1"]
[WhiteTeam "Poitiers Migne (W)"]
[BlackTeam "Montpellier (W)"]
[WhiteTeamCountry "FRA"]
[BlackTeamCountry "FRA"]

1. d4 f5 2. Nf3 Nf6 3. Bg5 e6 4. Nbd2 d5 5. e3 Be7 6. Be2 Nc6 7. 0-0 0-0 8. c4 h6 9. Bxf6 Bxf6 10. Rb1 Qd6 11. a3 Bd7 12. b4 a6 13. Qb3 Kh7 14. a4 Be8 15. b5 Na5 16. Qc3 axb5 17. axb5 Bh5 18. c5 Qe7 19. Ra1 b6 20. Nb3 Nxb3 21. Qxb3 Bxf3 22. Bxf3 bxc5 23. Rxa8 Rxa8 24. dxc5 Qxc5 25. g3 Ra3 26. Qb1 Qc4 27. Qc1 Rc3 0-1

[Event "FRA-chT1B 0809"]
[Site "France"]
[Date "2009.03.15"]
[Round "9.8"]
[White "Nadin, Stephanie"]
[Black "Marchais, Aurelie"]
[Result "1-0"]
[WhiteElo "1760"]
[BlackElo "1780"]
[PlyCount "69"]
[EventDate "2008.10.19"]
[EventType "tourn"]
[EventRounds "11"]
[EventCountry "FRA"]
[SourceTitle "EXT 2010"]
[Source "ChessBase"]
[SourceDate "2010.11.25"]
[SourceVersion "1"]
[SourceVersionDate "2010.11.25"]
[SourceQuality "1"]
[WhiteTeam "Sautron"]
[BlackTeam "Niort"]
[WhiteTeamCountry "FRA"]
[BlackTeamCountry "FRA"]

1. d4 d5 2. c4 e6 3. Nf3 Nf6 4. Nc3 Be7 5. Bg5 0-0 6. e3 h6 7. Bh4 b6 8. Bxf6 Bxf6 9. cxd5 exd5 10. Rc1 Bb7 11. Qb3 c6 12. Bd3 Be7 13. 0-0 Nd7 14. Bb1 Nf6 15. Rfe1 Re8 16. Ne5 Nd7 17. Qc2 Nf6 18. Ne2 c5 19. Ng3 Bd6 20. f4 Ne4 21. Qe2 Qh4 22. Nf5 Qf6 23. Qh5 Bc8 24. Bxe4 dxe4 25. Nxd6 Qxd6 26. Qxf7+ Kh7 27. Qxe8 Bb7 28. Qd7 Qxd7 29. Nxd7 Rd8 30. Ne5 cxd4 31. exd4 Rxd4 32. Rcd1 Rb4 33. Rd7 Bc8 34. Rc7 Bf5 35. b3 1-0

[Event "FRA-chT1B 0809"]
[Site "France"]
[Date "2009.02.08"]
[Round "7.8"]
[White "Marchais, Aurelie"]
[Black "Wilson, Alexandra"]
[Result "0-1"]
[WhiteElo "1780"]
[BlackElo "2026"]
[PlyCount "94"]
[EventDate "2008.10.19"]
[EventType "tourn"]
[EventRounds "11"]
[EventCountry "FRA"]
[SourceTitle "EXT 2010"]
[Source "ChessBase"]
[SourceDate "2010.11.25"]
[SourceVersion "1"]
[SourceVersionDate "2010.11.25"]
[SourceQuality "1"]
[WhiteTeam "Niort"]
[BlackTeam "Rueil Malmaison"]
[WhiteTeamCountry "FRA"]
[BlackTeamCountry "FRA"]

1. e4 e6 2. d4 d5 3. Nc3 Bb4 4. exd5 exd5 5. Bd3 Nf6 6. Nge2 c6 7. Bg5 Bg4 8. h3 Bh5 9. 0-0 Bg6 10. Nf4 Bxd3 11. Nxd3 Be7 12. Re1 0-0 13. Qe2 Bd6 14. Qf3 Nbd7 15. Ne5 Qc7 16. Nxd7 Nxd7 17. Re2 Rfe8 18. Rae1 Rxe2 19. Rxe2 Nf8 20. Qg4 Ne6 21. Nd1 Nxg5 22. Qxg5 Qd7 23. Ne3 h6 24. Qf5 Qxf5 25. Nxf5 Bf8 26. Kf1 g6 27. Ne3 f5 28. g3 Kf7 29. f4 Re8 30. Ng2 Re4 31. c3 Bd6 32. Rxe4 dxe4 33. Kf2 Ke6 34. h4 c5 35. Ne3 cxd4 36. cxd4 b5 37. b3 Bc7 38. d5+ Kf6 39. Nc2 Bb6+ 40. Ke2 Bc5 41. Ne3 h5 42. a4 a6 43. axb5 axb5 44. Nd1 Bd4 45. Ne3 Ke7 46. Nc2 Bb2 47. Ne3 Kd6 0-1

[Event "FRA-chT2A 0506"]
[Site "France"]
[Date "2006.01.15"]
[Round "6.9"]
[White "Marchadour, Claire"]
[Black "Marchais, Aurelie"]
[Result "1-0"]
[WhiteElo "2079"]
[BlackElo "1767"]
[PlyCount "143"]
[EventDate "2005.10.27"]
[EventType "team-tourn"]
[EventRounds "11"]
[EventCountry "FRA"]
[SourceTitle "EXT 2006"]
[Source "ChessBase"]
[SourceDate "2005.11.24"]
[SourceVersion "1"]
[SourceVersionDate "2005.11.24"]
[SourceQuality "1"]
[WhiteTeam "Nantes"]
[BlackTeam "Niort"]
[WhiteTeamCountry "FRA"]
[BlackTeamCountry "FRA"]

1. e4 c6 2. d4 d5 3. Nc3 dxe4 4. Nxe4 Bf5 5. Ng3 Bg6 6. h4 h6 7. f4 e6 8. Nf3 Nd7 9. h5 Bh7 10. Bd3 Bxd3 11. Qxd3 Ngf6 12. Bd2 Qc7 13. 0-0-0 Bd6 14. Ne5 Rf8 15. Ne4 Nxe4 16. Qxe4 Nf6 17. Qf3 0-0-0 18. g4 Nh7 19. Bc3 Nf6 20. g5 Nd5 21. gxh6 gxh6 22. Bd2 Rg8 23. c4 Nf6 24. Be3 Rg7 25. Rdg1 Rdg8 26. Rxg7 Rxg7 27. c5 Bxe5 28. fxe5 Ng8 29. Bf4 Qe7 30. Qe3 f5 31. Bxh6 Rh7 32. Bf4 Qf7 33. Qg3 Ne7 34. Bg5 Nd5 35. Qf3 Kd7 36. h6 Qg6 37. Qg3 Ne7 38. Rg1 Ng8 39. Be3 Qxg3 40. Rxg3 Ne7 41. Rg7 Rxg7 42. hxg7 Ng8 43. Bg5 Ke8 44. Kd2 Kf7 45. Bf6 Kg6 46. a4 a5 47. Ke3 Nh6 48. Kf3 Ng8 49. Kf4 Nh6 50. Bd8 Kxg7 51. Bxa5 Kf7 52. b4 Ke7 53. b5 Kd7 54. Kg5 Ng4 55. Bd2 Nf2 56. Kg6 Ne4 57. Be3 cxb5 58. axb5 Nc3 59. b6 Nd5 60. Bf2 Nb4 61. Kf7 f4 62. Kf6 f3 63. Bg1 Nc6 64. Kf7 Nb4 65. Kf6 Nc6 66. Kg5 Nb4 67. Kf4 Kc6 68. Kxf3 Kd5 69. Kg4 Nc6 70. Kg5 Nxd4 71. Bxd4 Kxd4 72. c6 1-0

[Event "FRA-ch U20 Girls"]
[Site "Calvi"]
[Date "2005.04.19"]
[Round "3"]
[White "Marchais, Aurelie"]
[Black "Penalver, Marion"]
[Result "0-1"]
[WhiteElo "1822"]
[BlackElo "1902"]
[PlyCount "89"]
[EventDate "2005.04.??"]
[EventType "swiss"]
[EventRounds "9"]
[EventCountry "FRA"]
[SourceTitle "EXT 2006"]
[Source "ChessBase"]
[SourceDate "2005.11.24"]
[SourceVersion "1"]
[SourceVersionDate "2005.11.24"]
[SourceQuality "1"]

1. e4 c5 2. Nf3 Nc6 3. d4 cxd4 4. Nxd4 Nf6 5. Nc3 e5 6. Nde2 Bc5 7. g3 Ng4 8. Nd4 Nxf2 9. Kxf2 Nxd4 10. Kg2 0-0 11. Nd5 f5 12. c3 Ne6 13. exf5 Rxf5 14. Be3 Qf8 15. Qd2 e4 16. Bc4 Kh8 17. Raf1 Rf3 18. Be2 Bxe3 19. Nxe3 Ng5 20. h4 Ne6 21. Bxf3 exf3+ 22. Rxf3 Qe7 23. Rhf1 b6 24. Rf7 Bb7+ 25. Kh2 Qc5 26. Rxd7 Qc6 27. Qd5 Qxd5 28. Nxd5 Nc5 29. Nc7 Nxd7 30. Nxa8 Bxa8 31. Rf7 Bc6 32. b4 Kg8 33. Rf2 Ne5 34. Rf4 Nf3+ 35. Kh3 h5 36. Rc4 Ne5 37. Rd4 Nf3 38. Rd6 Be4 39. c4 Ng1+ 40. Kh2 Nf3+ 41. Kh3 Bb1 42. a3 Ba2 43. c5 bxc5 44. bxc5 Bc4 45. c6 0-1

[Event "FRA-ch U20 Girls"]
[Site "Calvi"]
[Date "2005.04.17"]
[Round "1"]
[White "Marchais, Aurelie"]
[Black "Swiercz, Sandra"]
[Result "0-1"]
[WhiteElo "1822"]
[BlackElo "1948"]
[PlyCount "68"]
[EventDate "2005.04.??"]
[EventType "swiss"]
[EventRounds "9"]
[EventCountry "FRA"]
[SourceTitle "EXT 2006"]
[Source "ChessBase"]
[SourceDate "2005.11.24"]
[SourceVersion "1"]
[SourceVersionDate "2005.11.24"]
[SourceQuality "1"]

1. e4 c5 2. Nf3 e6 3. d4 cxd4 4. Nxd4 Nf6 5. Nc3 a6 6. g3 Qc7 7. Bg2 Nc6 8. 0-0 Be7 9. h3 0-0 10. Re1 Nxd4 11. Qxd4 Bc5 12. Qd1 Qxg3 13. Qe2 d6 14. e5 dxe5 15. Qxe5 Bxf2+ 16. Kf1 Bxe1 17. Qxe1 Qxe1+ 18. Kxe1 e5 19. Be3 Rd8 20. Bb6 Rd6 21. Bc5 Rd8 22. Bb6 Re8 23. Rd1 e4 24. Rd4 Bf5 25. Na4 Rac8 26. c3 Nd7 27. Ba5 Rc6 28. c4 b6 29. Bd2 Ne5 30. Rd5 Nf3+ 31. Kd1 Be6 32. Rh5 g6 33. Rh6 Nxd2 34. Kxd2 Bxc4 0-1

[Event "Niort op-B"]
[Site "Niort"]
[Date "2002.09.28"]
[Round "2"]
[White "Lennon, Jean"]
[Black "Marchais, Aurelie"]
[Result "1-0"]
[WhiteElo "1690"]
[BlackElo "1510"]
[PlyCount "23"]
[EventDate "2002.09.28"]
[EventType "swiss"]
[EventRounds "6"]
[EventCountry "FRA"]
[SourceTitle "EXT 2004"]
[Source "ChessBase"]
[SourceDate "2003.11.25"]
[SourceVersion "1"]
[SourceVersionDate "2003.11.25"]
[SourceQuality "1"]

1. Nc3 e5 2. e4 Nf6 3. f4 d6 4. Nf3 Bg4 5. Bc4 Nc6 6. fxe5 dxe5 7. 0-0 Nd4 8. Bxf7+ Kxf7 9. Nxe5+ Kg8 10. Nxg4 Nxg4 11. Qxg4 Nxc2 12. Qe6# 1-0

[Event "FRA-chT4 0001"]
[Site "Niort"]
[Date "2000.11.19"]
[Round "3"]
[White "Marchais, Aurelie"]
[Black "Tireau, Raissa"]
[Result "1-0"]
[WhiteElo "1400"]
[BlackElo "1390"]
[PlyCount "49"]
[EventDate "2000.10.15"]
[EventType "team-tourn"]
[EventRounds "7"]
[EventCountry "FRA"]
[SourceTitle "EXT 2007"]
[Source "ChessBase"]
[SourceDate "2006.11.23"]
[SourceVersion "1"]
[SourceVersionDate "2006.11.23"]
[SourceQuality "1"]

1. e4 e5 2. d4 exd4 3. c3 Nf6 4. Bg5 Be7 5. Bxf6 Bxf6 6. cxd4 Qe7 7. Nc3 Qb4 8. Nf3 b6 9. Rb1 Bb7 10. e5 Qe7 11. Be2 Bg5 12. Qc2 g6 13. Nb5 Qb4+ 14. Qc3 Qxc3+ 15. bxc3 Bd8 16. 0-0 a6 17. Na3 Be7 18. Nc4 Bd5 19. Ra1 Nc6 20. Ne3 Be4 21. Nd2 Bf5 22. g4 Be6 23. d5 Bxd5 24. Nxd5 Ra7 25. Nxe7 1-0